| 000 | 00834cam a2200217 4500 | ||
|---|---|---|---|
| 001 | WB3701-35 | ||
| 008 | 000000n2000 000 0 eng u | ||
| 035 | _a(Sirsi) u110110 | ||
| 245 | _aBSE review findings | ||
| 260 | _c2000 | ||
| 490 |
_aFood Standards Agency News Release _v(2000/0076) 20 December 2000, (2) |
||
| 520 | _aDescribes the findings of a review report into BSE by the Food Standards Agency, which has just been published. Its key recommendation is that controls brought in to protect the public from BSE should be retained and strengthened. To view the full report visit: 'www.bsereview.org.uk', or telephone: 0845 757 3012. | ||
| 590 | _aWB | ||
| 650 | _aBSE | ||
| 650 | _aFOOD STANDARDS AGENCY | ||
| 650 | _aLABELLING | ||
| 650 | _aREPORT | ||
| 650 | _aFARMING | ||
| 690 |
_aRural _96268 |
||
| 942 | _n0 | ||
| 999 |
_c65670 _d65670 |
||